00290nam a2200121Ia 4500008004100000041000900041082001800050100002000068245002700088260003600115300000900151650000800160230718s9999 xx 000 0 und d aEng. a346.02bSHA-T aShah Syed Naeem 4aThe Contract pot, 1872 aPakistanbPoujab law bookc1996 a1078 aLaw